Pluralizmus a politický systém socializmu

Bibliographic Details
Main Author: Kulašík, Peter, 1947- (Author)
Format: Article
Language:Slovak
Subjects:

MARC

LEADER 00000nab a2200000 a 4500
001 vtls000111920
003 SK-MaSNL
005 20260303100845.0
008 111104c1982 xo 0 slo
015 |a SNBRB19rr/mm-uuuuu 
035 |a CL0122023 
040 |a SNKBUCL  |b slo  |c SNKBUCL  |e AACR2 
041 0 |a slo 
044 |a xo  |c SK 
080 |a 141  |2 1981 
080 |a 1 100.45  |2 1981 
100 1 |a Kulašík, Peter,  |d 1947-  |4 aut  |9 222722 
245 1 0 |a Pluralizmus a politický systém socializmu  |c Peter Kulašik 
650 0 7 |a socializmus  |2 snkbucl  |9 2151 
650 0 7 |a pluralizmus (filozofia)  |2 snkbucl  |9 1591 
655 7 |a články z novín a časopisov  |2 snkbucl  |9 267496 
773 0 |t Pravda  |g Roč. 63, č. 83 (8. 4. 1982), s. 3 
850 |a Slovenská národná knižnica v Martine  |a MTA001 
852 |a SNK  |b KIS3GCP 
958 |a RK 
992 |a RBX 
999 |c 1834965  |d 1836895